Manufacturing Establishments Summary of Operations by Industry Class Australia 1970-1980

Guardado en:
Detalles Bibliográficos
Formato: Libro
Lenguaje:inglés
Publicado: Canberra Australian Bureau of Statistics 1981
Edición:1. ed.
Etiquetas: Agregar Etiqueta
Sin Etiquetas, Sea el primero en etiquetar este registro!

MARC

LEADER 00000nam a2200000 4500
001 c028543
005 20221220102151.8
041 0 |a eng 
044 |a AU 
245 1 0 |a Manufacturing Establishments Summary of Operations by Industry Class Australia  |b 1970-1980 
250 |a 1. ed. 
264 1 |a Canberra  |b Australian Bureau of Statistics  |c 1981 
300 |a 22 s.